Structure Bonding and the periodic law

Bibliographic Details
Main Author: Harding, C . J
Format: Section = Libro
Language:Undetermined
Spanish
Published: Great Britain The Open University Press 1973
Edition:2a. ed.
Subjects:
LEADER 00526nam a2200205Ia 4500
008 240830s9999 xx 000 0 und d
020 |a 0 335 02262 6 
040 |a CEDOC FIQ-RUSB / 540 H263s 
041 |a spa 
082 |a 540 H263s 
100 1 |a Harding, C . J 
245 1 0 |a Structure Bonding and the periodic law 
250 |a 2a. ed. 
260 |a Great Britain  |b The Open University Press  |c 1973 
300 |a 56 p.: il. 
650 7 |a QUIMICA GENERAL 
650 7 |b  FÓSFORO 
942 |c BK  |2 ddc 
991 |a TEXTO 
999 |c 13770